000 00264nam a22001217a 4500
008 181030b xxu||||| |||| 00| 0 eng d
041 _aeng
080 _a902
100 _a45
101 _aARK
245 _aTreasures Of Tutankhan,mun
_cRober.a
942 _2udc
_cBK
999 _c51073
_d51073